Renaissance of democratic concepts on global scene and collapse of socialism : (Record no. 124948)

MARC details
000 -LEADER
fixed length control field 00863nam a22002537a 4500
003 - CONTROL NUMBER IDENTIFIER
control field 0
005 - DATE AND TIME OF LATEST TRANSACTION
control field 20180727113427.0
008 - FIXED-LENGTH DATA ELEMENTS--GENERAL INFORMATION
fixed length control field 0
010 ## - LIBRARY OF CONGRESS CONTROL NUMBER
LC control number A-820922
020 ## - INTERNATIONAL STANDARD BOOK NUMBER
Terms of availability 00.00
035 ## - SYSTEM CONTROL NUMBER
System control number A-820922 , A-820923
037 ## - SOURCE OF ACQUISITION
Source of stock number/acquisition Cen Lib/Ret
040 ## - CATALOGING SOURCE
Original cataloging agency DPL
Language of cataloging EN
Transcribing agency 0
082 ## - DEWEY DECIMAL CLASSIFICATION NUMBER
Classification number 320.531
Item number KAG
100 ## - MAIN ENTRY--PERSONAL NAME
Personal name Kagalkar, Pratibha
9 (RLIN) 73798
245 ## - TITLE STATEMENT
Title Renaissance of democratic concepts on global scene and collapse of socialism :
Statement of responsibility, etc by Pratibha Kagalkar
Remainder of title a comparative study of socialism and democracy /
260 ## - PUBLICATION, DISTRIBUTION, ETC. (IMPRINT)
Place of publication, distribution, etc Mumbai
Name of publisher, distributor, etc Himalaya Publishing House
Date of publication, distribution, etc 1996
270 ## - ADDRESS
Address "Ramdoot", Dr. Bhalerao Marg, Girgaon
City Mumbai
300 ## - PHYSICAL DESCRIPTION
Extent 212p.
Dimensions 21cm(Hb)
500 ## - GENERAL NOTE
General note Includes bibliographic references and index
650 ## - SUBJECT ADDED ENTRY--TOPICAL TERM
Topical term or geographic name as entry element Socialism
9 (RLIN) 9251
650 ## - SUBJECT ADDED ENTRY--TOPICAL TERM
Topical term or geographic name as entry element Democracy
9 (RLIN) 826
942 ## - ADDED ENTRY ELEMENTS (KOHA)
Source of classification or shelving scheme Dewey Decimal Classification
Koha item type English Books
Classification part 320.531
Call number suffix KAG
Holdings
Withdrawn status Lost status Damaged status Not for loan Home library Current library Date acquired Source of acquisition Cost, normal purchase price Total Checkouts Full call number Barcode Date last seen Copy number Cost, replacement price Price effective from Koha item type Source of classification or shelving scheme Collection code
        Central Library Central Library 19/06/2015 Cen Lib/Ret 0.00   320.531 KAG A-820922 19/06/2015 1 0.00 19/06/2015 English Books    
        Patel Nagar Patel Nagar 27/07/2018 BPPD/PUB 0.00   320.531 KAG A-820923 27/07/2018   0.00 27/07/2018 English Books Dewey Decimal Classification Non-fiction

© Delhi Public Library
Hit Counter
free hit counter